Matemática para adultos

Uloženo v:
Podrobná bibliografie
Hlavní autor: Heywood, Arthur H (Autor)
Médium: Kniha
Jazyk:španělština
Vydáno: Buenos Aires Marymar 1975
Témata:
Tagy: Přidat tag
Žádné tagy, Buďte první, kdo vytvoří štítek k tomuto záznamu!

MARC

LEADER 00000nam a2200000 a 4500
001 UCQ8708
003 CL-VaPUC
008 981217e19750000AG |||||||||||||||||spa|d
082 0 4 |a 513.07  |b HEY  |2 21 
100 0 |a Heywood, Arthur H  |e author  |9 422832 
245 1 0 |a Matemática para adultos 
300 |a 522 p 
942 |c BK 
945 |d 19981217 00:00:00  |a cmena 
260 |a Buenos Aires  |b Marymar  |c 1975 
650 0 |a Aritmética   |9 270049 
650 0 |a Educación de adultos  |9 307580 
650 0 |a Métodos de enseñanza  |9 270413 
650 0 |a Ejercicios   |9 269807 
650 0 |a Números racionales   |9 316867 
650 0 |a Fracciones  |9 316607 
650 0 |a Teoría de números  |9 265327 
650 0 |a Álgebra  |9 259567 
650 0 |a Matemáticas  |x Enseñanza  |9 875527 
583 |a last modification  |c 19981217 00:00:00  |k Rodrigo Vera 
999 |c 277892  |d 277890 
952 |0 0  |1 0  |4 0  |6 513_070000000000000_HEY_1975  |7 0  |8 A  |9 316154  |a BIBMAT  |b BIBMAT  |d 2019-11-20  |i 1307878  |o 513.07 HEY 1975  |p 1307878  |r 2025-01-07  |w 2019-11-20  |y BK  |k MAT